[Event "N4"]
[Site "chalons/enhm"]
[Date "2007.03.18"]
[Round "6"]
[White "HARNIK, Cécilien"]
[Black "MORET, Florian"]
[Result "0-1"]
[WhiteElo "1740"]
[BlackElo "1760"]
[PlyCount "90"]
[EventDate "2007.03.18"]
[SourceDate "2007.03.18"]

1. e4 e5 2. Nf3 Nc6 3. d4 exd4 4. Nxd4 Bc5 5. Be3 Qf6 6. c3 Nge7 7. Bc4 d6 8.
O-O Qg6 9. Nd2 Ne5 10. Re1 Bh3 11. Bf1 Nd3 12. Kh1 Bg4 13. f3 Nxe1 14. fxg4
Nxg2 15. Bxg2 O-O-O 16. Qf3 c6 17. N2b3 Bb6 18. Nf5 Rd7 19. Bxb6 axb6 20. Nbd4
Kc7 21. Nxe7 Rxe7 22. Nf5 Rd7 23. Qf4 Qf6 24. g5 Qd8 25. Rd1 g6 26. Nh6 Rf8 27.
Bh3 Re7 28. Kg2 Re5 29. Qxe5 dxe5 30. Rxd8 Kxd8 31. Kf3 Ke7 32. Ng4 Kd6 33. Nf6
Rh8 34. Ke3 h6 35. Bg4 hxg5 36. h3 b5 37. Kd3 Ke7 38. Nd7 Rd8 39. c4 bxc4+ 40.
Kxc4 Rxd7 41. Bxd7 Kxd7 42. b4 f5 43. a4 Kd6 44. a5 f4 45. Kc3 Kc7 0-1

[Event "N4"]
[Site "chalons/enhm"]
[Date "2007.03.18"]
[Round "6"]
[White "BARBELIN, Jean-Pierre"]
[Black "COUTIER, Rémi"]
[Result "0-1"]
[WhiteElo "1680"]
[BlackElo "1640"]
[PlyCount "142"]
[EventDate "2007.03.18"]
[SourceDate "2007.03.18"]

1. c4 Nf6 2. Nc3 d6 3. g3 g6 4. Bg2 Bg7 5. e3 Nc6 6. a3 O-O 7. Nge2 Bd7 8. O-O
Qc8 9. b4 Bh3 10. Rb1 Bxg2 11. Kxg2 Ne5 12. d4 Nxc4 13. Nf4 e5 14. dxe5 dxe5
15. Nfe2 Qd7 16. Qb3 Nb6 17. e4 Qc6 18. f3 Rad8 19. Rd1 Qc4 20. Qxc4 Nxc4 21.
a4 Rxd1 22. Nxd1 Rd8 23. Ndc3 c6 24. Kf2 Ne8 25. b5 cxb5 26. Rxb5 Ncd6 27. Rb1
Nc7 28. Be3 b6 29. Rd1 Ne6 30. Nd5 f5 31. Bc1 fxe4 32. fxe4 Nxe4+ 33. Ke1 Nd4
34. Ne7+ Kf7 35. Nxd4 Rxd4 36. Rxd4 exd4 37. Nc6 a6 38. Nb4 Nc5 39. Nd5 Nxa4
40. Bf4 d3 41. Kd2 Nc5 42. Nxb6 Ke6 43. Be3 Bf8 44. Nc4 Kd5 45. Bxc5 Bxc5 46.
Kxd3 Bd4 47. g4 g5 48. h3 h6 49. Na5 Bb6 50. Nc4 Bc7 51. Ne3+ Ke5 52. Nf5 Kf4
53. Kc4 h5 54. Nh6 hxg4 55. hxg4 Bd6 56. Nf5 Bf8 57. Kb3 Kxg4 58. Ne3+ Kf3 59.
Nf5 a5 60. Ka4 Bb4 61. Nh6 g4 62. Nxg4 Kxg4 63. Kb3 Kf3 64. Ka4 Ke4 65. Kb3 Kd4
66. Ka2 Kc3 67. Kb1 Kb3 68. Ka1 a4 69. Kb1 a3 70. Ka1 Bc3+ 71. Kb1 a2+ 0-1

[Event "N4"]
[Site "chalons/enhm"]
[Date "2007.03.18"]
[Round "6"]
[White "VEILLERETTE, Chantal"]
[Black "ZEROUAL, Mohamed"]
[Result "1/2-1/2"]
[WhiteElo "1220"]
[BlackElo "1699"]
[PlyCount "81"]
[EventDate "2007.03.18"]
[SourceDate "2007.03.18"]

1. d4 e5 2. dxe5 Nc6 3. Nf3 Qe7 4. e4 Nxe5 5. Be2 Nf6 6. O-O g6 7. Nc3 c6 8.
Nxe5 Qxe5 9. f4 Qc5+ 10. Kh1 d6 11. Na4 Qa5 12. Qd4 Bg7 13. Bd2 Qc7 14. e5 dxe5
15. fxe5 Nd5 16. Rae1 Bxe5 17. Bd3 f6 18. c4 (18. Rxf6 Nxf6 19. Rxe5+ Kf8 (
19... Kf7 20. Bc4+ Kg7 21. Qe3 $18) 20. Bh6+ $18) 18... Ne7 19. Qf2 Bf5 20.
Bxf5 gxf5 21. Bf4 Bxf4 22. Qxf4 Qxf4 23. Rxf4 Kf7 24. Rd4 Rhd8 25. Red1 Rxd4
26. Rxd4 b6 27. Kg1 Ke6 28. Nc3 Rg8 29. h3 Nc8 30. Kf2 Nd6 31. b3 Ke5 32. Ne2
Ne4+ 33. Kf3 Ng5+ 34. Kf2 Ne6 35. Rd7 Rg7 36. Rxg7 Nxg7 37. Kf3 Ne6 38. g3 a5
39. Ke3 c5 40. Nf4 Nxf4 41. gxf4+ 1/2-1/2

[Event "N4"]
[Site "chalons/enhm"]
[Date "2007.03.18"]
[Round "6"]
[White "ZEROUAL, Hadjer"]
[Black "DIGOT, Jeremy"]
[Result "0-1"]
[WhiteElo "1099"]
[BlackElo "1220"]
[PlyCount "52"]
[EventDate "2007.03.18"]
[SourceDate "2007.03.18"]

1. e4 e5 2. Nf3 Nc6 3. Nc3 Nf6 4. d3 Bb4 5. a3 Bxc3+ 6. bxc3 O-O 7. Bg5 d6 8.
d4 h6 9. Bxf6 Qxf6 10. dxe5 dxe5 11. Qd5 Bg4 12. h3 Bxf3 13. gxf3 Qxf3 14. Rg1
Qxc3+ 15. Qd2 Qxa1+ 16. Qd1 Qxd1+ 17. Kxd1 Rad8+ 18. Bd3 Na5 19. Kd2 Nc4+ 20.
Kc3 Nxa3 21. Ra1 Nxc2 22. Bxc2 a6 23. f3 Rd7 24. Ba4 Rd4 25. Kc2 Rfd8 26. Rd1
Rxd1 0-1